Normal view
MARC view
Entry Nombre corporativo
001 - NÚMERO DE CONTROL
- campo de control: 111619
003 - IDENTIFICADOR DE NÚMERO DE CONTROL
- campo de control: OSt
005 - FECHA Y HORA DE LA ÚLTIMA TRANSACCIÓN
- campo de control: 20260318145503.0
008 - ELEMENTOS DE DATO DE LONGITUD-FIJA
- campo de control de longitud fija: 260318|| aca||aabn | a|a d
024 7# - IDENTIFICADOR DE OTROS ESTÁNDARES
- Fuente: Wikidata
- Número estándar o código: Q115941419
040 ## - FUENTE DE CATALOGACIÓN
- Centro catalogador/agencia de origen: M-RABA
110 2# - ENCABEZAMIENTO-NOMBRE DE ENTIDAD CORPORATIVA
- Nombre de entidad corporativa o nombre de jurisdicción como elemento de entrada: Iglesia de San Pedro (Gardélegui)
410 2# - TRAZADO DE VÉASE--NOMBRE DE ENTIDAD CORPORATIVA
- Nombre de entidad corporativa o nombre de jurisdicción como elemento de entrada: Iglesia de San Pedro Apostol (Gardélegui)
670 ## - FUENTE DE DATOS ENCONTRADOS
- Cita de la fuente: Soto Madrazo, Javier. 2008
- Información encontrada: (Iglesia de San Pedro)
670 ## - FUENTE DE DATOS ENCONTRADOS
- Cita de la fuente: WWW Wikidata, 18/03/2026
- Información encontrada: (Iglesia de San Pedro Apóstol)